Vplyv globalizácie na marketingové stratégie v cukrovarníctve

Marketing a marketingová stratégia podniku - charakteristika. Marketingové nástroje. Marketingový mix - 4 P (produkt, cena, distribúcia a umiestnenie, marketingová komunikácia). Cukor a jeho história. Pozadie reformy v cukrovarníctve. Ciele reformy. Dopad reformy na ceny cukru vo svete. Skúmanie vpl...

Descrizione completa

Salvato in:
Dettagli Bibliografici
Autore principale: Špilová, Martina
Natura: Capitolo di libro
Lingua:slovacco
Soggetti:
Tags: Aggiungi Tag
Nessun Tag, puoi essere il primo ad aggiungerne!!

MARC

LEADER 00000nla$a2200000$$$4500
001 0109232
005 20240502072216.0
041 0 |a slo 
044 |a SK 
245 1 0 |a Vplyv globalizácie na marketingové stratégie v cukrovarníctve  |c Martina Špilová 
520 |a Marketing a marketingová stratégia podniku - charakteristika. Marketingové nástroje. Marketingový mix - 4 P (produkt, cena, distribúcia a umiestnenie, marketingová komunikácia). Cukor a jeho história. Pozadie reformy v cukrovarníctve. Ciele reformy. Dopad reformy na ceny cukru vo svete. Skúmanie vplyvu reformy na spoločnosť Agrana - príklad cukrovarníckeho priemyslu. 
610 2 0 |a cukrovarníctvo 
610 2 0 |a cukor 
610 2 0 |a holding 
610 2 0 |a marketing 
610 2 0 |a stratégia marketingová 
610 2 0 |a marketing mix 
610 2 0 |a komunikácia marketingová 
100 1 |a Špilová, Martina